00961nam a2200253 a 450000100060000000300090000600800410001502000180005604000280007404100080010208200150011011000990012524500980022425000110032226000320033330000110036549000160037650001240039265000370051665000330055365000320058665000370061865000520065525809CO-ViMGA141112s2004 ck r 000 u spa d a9789585760806 aCO-ViMGAbspacCO-ViMGA aSPA04a303.66 C65 aComisión Nacional de Reparación y Conciliación (Colombia). Centro de Memoria Histórica10aJusticia y paz : blos silencios y los olvidos de la verdad / cCentro de Memoria Histórica a1a ed. aBogotá : bTaurus, c2012 a682 p. aPensamiento aGlosario de siglas - - Título de la portada : Los silencios de los "Héroes". No de los arrepentidos. Justicia y paz14aAUTODEFENSAS UNIDAS DE COLOMBIA 14aCONFLICTO ARMADO - COLOMBIA 14aJUSTICIA SOCIAL - COLOMBIA 14aJUSTICIA TRANSICIONAL - COLOMBIA14aPROCESO DE PAZ - ASPECTOS POLITICOS - COLOMBIA